LEADER 01417nam2-2200409---450- 001 990002443560203316 005 20051011164120.0 010 $a88-14-09384-9 035 $a000244356 035 $aUSA01000244356 035 $a(ALEPH)000244356USA01 035 $a000244356 100 $a20050623d2002----km-y0enga50------ba 101 $aita 102 $aIT 105 $a||||||||001yy 200 1 $a<> <> regime patrimoniale della famiglia$enozioni introduttive, convenzioni matrimoniali, comunione legale dei beni, comunione convenzionale$fVincenzo De Paola 205 $a2. ed.$faggiornata ed ampliata con la collaborazione di Simona De Paola 210 $aMilano$cGiuffrè$dcopyr. 2002 215 $aXIV, 841 p.$d24 cm 410 0$12001 454 1$12001 461 $1001000139408$12001$a<> diritto patrimoniale della famiglia nel sistema del diritto privato 606 $aMatrimonio$xRapporti patrimoniali$yItalia 676 $a346.4504 700 1$aDE PAOLA,$bVincenzo$0232004 801 0$aIT$bsalbc$gISBD 912 $a990002443560203316 951 $aB4 89/2$b3601 DIRCE 959 $aBK 969 $aDIRCE 979 $aDIRCE$b90$c20050623$lUSA01$h1034 979 $aDIRCE$b90$c20050623$lUSA01$h1034 979 $aDIRCE$b90$c20050623$lUSA01$h1035 979 $aDIRCE$b90$c20051011$lUSA01$h1641 996 $aRegime patrimoniale della famiglia$91057561 997 $aUNISA LEADER 01133cam0 22003013 450 001 SOB021051 005 20240627081721.0 010 $a8878140252 100 $a20040211d1993 |||||ita|0103 ba 101 $aita 102 $aIT 200 1 $a<>Storia economica di Roma nell'Alto medioevo alla luce dei recenti scavi archeologici$eAtti del seminario Roma 2-3 aprile 1992$fcur. Lidia Paroli$gPaolo Delogu 210 $aFirenze$cAll'Insegna del Giglio$d1993 215 $a365 p.$cIll.$d29 cm 225 2 $aBiblioteca di archeologia medievale$v10 410 1$1001LAEC00015615$12001 $a*Biblioteca di archeologia medievale$v10 500 11$a<>storia$3UF00000002 702 1$aParoli, Lidia$3AF00022173$4070 702 1$aDelogu, Paolo$3AF00010882$4070 801 0$aIT$bUNISOB$c20240627$gRICA 850 $aUNISOB 852 $aUNISOB$j700|Coll|65|K$m115053 912 $aSOB021051 940 $aM 102 Monografia moderna SBN 941 $aM 957 $a700|Coll|65|K$b000004$gSI$d115053$rACQUISTO$1catenacci$2UNISOB$3UNISOB$420180320120350.0$520180320120404.0$6catenacci 996 $aGeschichte$956802 997 $aUNISOB